Statistics for Stars by Constellation

Click here to take the quiz!

General Stats

  • This quiz has been taken 8 times
  • The average score is 8 of 14

Answer Stats

QuestionAnswer% Correct
BetelgeuseOrion
88%
AntaresScorpius
88%
Castor and PolluxGemini
75%
VegaLyra
75%
SiriusCanis major
63%
CanopusCarina
63%
AcruxCrux
63%
DenebCygnus
63%
RegulusLeo
63%
AltairAquila
50%
Proxima C****Centaurus
50%
PolarisUrsa minor
50%
Mizar and AlcorUrsa major
38%
SunAny constellation on the ecliptic
13%

Score Distribution

Percentile by Number Answered

Percent of People with Each Score

Your Score History

You have not taken this quiz